Top 99 Girls Names 2024 - Statistics

General Stats
  • This quiz has been taken 78 times
  • The average score is 43 of 99
Answer Stats
Answer % Correct
Emma
83%
Emily
81%
Olivia
81%
Anna
79%
Charlotte
78%
Sofia
74%
Sophia
74%
Hannah
72%
Lily
72%
Ava
71%
Elizabeth
71%
Ella
71%
Mia
71%
Isabella
69%
Amelia
67%
Chloe
67%
Grace
67%
Victoria
67%
Zoe
67%
Maria
66%
Sophie
66%
Evelyn
62%
Violet
60%
Lucy
59%
Abigail
55%
Aria
55%
Ellie
55%
Ivy
55%
Ruby
55%
Willow
55%
Eleanor
53%
Leah
53%
Lillian
53%
Avery
52%
Madison
52%
Stella
52%
Alice
50%
Bella
50%
Clara
50%
Isla
50%
Penelope
50%
Harper
48%
Jade
48%
Mila
48%
Millie
47%
Naomi
47%
Maya
45%
Nora
45%
Addison
43%
Daisy
43%
Iris
43%
Layla
41%
Audrey
40%
Natalie
40%
Scarlet
40%
Aaliyah
38%
Hazel
38%
Luna
38%
Riley
38%
Aurora
36%
Elena
36%
Amber
34%
Delilah
34%
Gianna
34%
Josie
34%
Savannah
34%
Camila
33%
Cora
33%
Nova
31%
Kennedy
29%
Sadie
29%
Emilia
28%
Hailey
28%
Zoey
28%
Adeline
26%
Autumn
26%
Everly
26%
Paisley
26%
Ayla
24%
Eliana
24%
Melody
24%
Brooklyn
22%
Eden
22%
Valentina
22%
Kinsley
21%
Liliana
21%
Athena
19%
Nevaeh
17%
Brielle
16%
Lyla
16%
Madelyn
16%
Skylar
16%
Emery
14%
Serenity
14%
Leilani
12%
Amara
10%
Oakley
10%
Lainey
7%
Raelynn
5%
No matching quizzes found
Score Distribution
Percent of People with Each Score
Percentile by Number Answered
Your Score History
You have not taken this quiz